Future interaction design

Saved in:
Bibliographic Details
Other Authors: Pirhonen, A. Ph. D. (Antii) (Editor)
Format: Book
Language:English
Published: London, Springer, c2005.
Subjects:
Tags: Add Tag
No Tags, Be the first to tag this record!

MARC

LEADER 00000nam a2200000 a 4500
001 1/109469
008 151214s2005####enk|||||||||||||||||eng||
020 |a 1852337915 
040 |a GR-MyUa  |b gre  |c GR-MyUa  |e AACR2 
041 0 |a eng 
082 7 |a 004.019   |2 (23)  
245 0 0 |a Future interaction design /   |c A. Pirhonen ... [κ.ά.], (eds).  
260 |a London,   |b Springer,   |c c2005.  
300 |a viii, 216 σ. :   |b εικ. ;   |c 24 εκ.  
500 |a Άλλοι επιμελητές: H. Isomaki, C. Roast, P. Saariluoma.  
504 |a Περιλαμβάνει βιβλιογραφίες.  
650 0 |a Human-computer interaction. 
650 0 |a Computer software  |x Development. 
650 0 |a User interfaces (Computer systems) 
650 0 |a Design  |x Human factors. 
700 1 |a Pirhonen, A.   |c Ph. D.  |q (Antii)  |e edt 
852 |a INST  |b SYROS  |e 20151214  |h 004.019 FUT  |p 005500011898  |q 005500011898  |t BK  |y 0 
922 |a 5ΕΛΗ  |b 201011  |c Βιβλιοθήκη Σύρου  |d Μιχαλόπουλος 
970 |a Κοντού  |b Παρασκευή  |z 14/12/2015